Sports Quiz

Random Sports or Hockey Quiz

NHL Team By 2010 Olympic Medals Quiz Stats

Quiz not verified by Sporcle

Also try: Top 100 UEFA Clubs
Challenge
Share
Tweet
Embed
Score 0/24 Timer 06:00
0 Plays Today
Medals (Gold, Silver, Bronze) NHL Team % Correct
5 (4,1,0)San Jose Sharks
81.5%
7 (3,2,2)Anaheim Ducks
80.6%
4 (3,1,0)Chicago Blackhawks
76.7%
3 (2,1,0)Pittsburgh Penguins
56.8%
3 (1,1,1)Vancouver Canucks
52.9%
4 (1,3,0)Los Angeles Kings
52%
3 (2,0,1)Philadelphia Flyers
50.2%
3 (1,2,0)New Jersey Devils
48.9%
3 (1,0,2)Calgary Flames
42.3%
2 (1,1,0)*Boston Bruins
39.6%
4 (1,1,2)Carolina Hurricanes
39.2%
3 (0,2,1)New York Rangers
37.9%
Medals (Gold, Silver, Bronze) NHL Team % Correct
1 (1,0,0)Columbus Blue Jackets
33.5%
2 (0,1,1)*Buffalo Sabres
32.6%
2 (1,0,1)Dallas Stars
31.7%
2 (0,1,1)*Detroit Red Wings
31.7%
3 (0,0,3)Minnesota Wild
30.8%
2 (1,1,0)*Nashville Predators
30.4%
1 (0,1,0)*Toronto Maple Leafs
28.6%
2 (0,2,0)St. Louis Blues
27.8%
1 (0,1,0)*Colorado Avalanche
23.3%
2 (0,1,1)*Tampa Bay Lightning
18.9%
1 (0,0,1)*Ottawa Senators
18.1%
1 (0,0,1)*Phoenix Coyotes
15%

You're not logged in!

Compare scores with friends on all Sporcle quizzes.
Join for Free
OR
Log In

You Might Also Like...

Show Comments

Extras

Top Quizzes Today


Score Distribution

Your Account Isn't Verified!

In order to create a playlist on Sporcle, you need to verify the email address you used during registration. Go to your Sporcle Settings to finish the process.

Report this User

Report this user for behavior that violates our Community Guidelines.

Details: